Ekonomska Misao i Praksa

Detalles Bibliográficos
Formato: Revista
Lenguaje:croata
Publicado: Dubrovnik : University of Dubrovnik, 1992-
Materias:
Acceso en línea:http://www.vlex.com/source/7188

MARC

LEADER 00000nas a22000007a 4500
005 20130319153048.0
007 cr|||| ||||
008 130319c19929999ci fr|p s|||| 0|||b1hrv d
022 |a 13301039  
035 |a 7188 
040 |a vLex 
090 |c 3956  |d 3956 
245 0 0 |a Ekonomska Misao i Praksa  |h [Recurso electrn̤ico] 
256 |a Servicio en ln̕ea 
260 |a Dubrovnik :  |b University of Dubrovnik,   |c 1992- 
300 |a 1 Recurso electrn̤ico 
506 |d vLex Global  |d vLex Global (Academic Edition, excluding Law Schools)  |d vLex Global (U.S. Academic Edition, Law Schools)  |d vLex Global (U.S. Academic Edition, excluding Law Schools)  |d vLex Global (Academic Edition, Law Schools) 
650 0 4 |a Economa̕  |v Revistas  |z Croacia 
740 |a vLex Revistas (Servicio en ln̕ea) 
856 |a Acceso restringido  |u http://www.vlex.com/source/7188 
942 |c REV 
999 0 |a Economics